00986nam a2200229Ia 4500001000600000003000900006008004100015040001300056040001300069041001300082100001800095100002900113245002500142245002500167250001100192260001100203260001300214300005600227500041400283650002800697650003100725H8286IT-RoPAU130308s9999 xx 000 0 und d aIT-RoPAU cIT-RoPAU aITALIANO aBoon Karel G. gCodice Aut. SPICS: 59307 aRembrandt. Incisioni bRembrandt. Incisioni a1a ed. aMILANO bVallardi a"331 p. (prefazione: 29; testo: 302 [pagine: 0-0])" aIncisioni di Rembrandt. viene Presentata in Questo Volume Tutta L'Opera grafica di Rembrandt, in Ordine cronologico e con Un'Introduzione Storico Critica che Illustra la Evoluzione dell'uomo e dell'Artista. Le 287 incisioni che Figurano nel Volume, Cioe' Tutte Quelle Riconosciute Autentiche Dagli Specialisti, Sono Riprodotte nelle Loro Dimensioni Reali, Tranne Alcune troppo Grandi per Il Formato del Libro. aAUTORI/OPERE DI PITTURA eCodice materia Spics: 5207